Comentarios a la Ley del Gobierno

Bibliographic Details
Other Authors: Fernandez-Carnicero, Claro J.
Format: Book
Language:Spanish
Published: Madrid : Instituto de Teologia Fundamental. Facultad de Teologia, 2002
Series:Estudios (Espanya. Ministerio de Agricultura)
Subjects:
Online Access:Acceso restringido

MARC

LEADER 00000nam a2200000 i 4500
005 20120213135446.0
007 cr|||| |||||
008 030528s2002 sp 000 0 spa c
020 |a 84-7088-721-1 
035 |a 6067 
040 |d vLex 
090 |c 2987  |d 2987 
245 1 0 |a Comentarios a la Ley del Gobierno   |h [Recurso electrn̤ico] /  |c Claro J. Fernandez-Carnicero ... [et al. ] ; coordinador: Claro J. Fernandez-Carnicero 
256 |a Servicio en ln̕ea 
260 |a Madrid :  |b Instituto de Teologia Fundamental. Facultad de Teologia,  |c 2002 
300 |a 1 recurso electrn̤ico 
506 1 |a Contenido solo disponible en los productos indicados  |d vLex Global   |d vLex Global (Academic Edition, excluding Law Schools)   |d vLex Global (U.S. Academic Edition, Law Schools)   |d vLex Global (U.S. Academic Edition, excluding Law Schools)   |d vLex Global (Academic Edition, Law Schools)  
650 0 4 |a Derecho  |x Interpretacin̤ 
651 4 |a Espaą 
700 2 1 |a Fernandez-Carnicero, Claro J. 
740 0 |a vLex Libros (Servicio en ln̕ea) 
830 0 |a Estudios (Espanya. Ministerio de Agricultura) 
856 4 0 |u http://vlex.com/source/comentarios-ley-gobierno-6067  |z Acceso restringido 
942 |c BOOK 
999 0 |a Law--Interpretation and construction 
999 0 |a  Civil law